Sports Quiz

Random Sports or Clickable Quiz

2012 Summer Olympics Minefield Quiz Stats

 Plays Quiz Updated Feb 20, 2014

Support Sporcle.
Go Orange.
Score 0/29 Timer 04:00
17 Plays Today
% Correct
???
60.5%
???
60.4%
???
59.6%
???
59.1%
???
58.1%
???
58.1%
???
57.9%
???
57.8%
???
57.1%
???
56.7%
???
56.6%
???
56.4%
???
56.3%
???
56.2%
???
55.3%
% Correct
???
55.3%
???
53.3%
???
53.2%
???
53%
???
52.5%
???
51.9%
???
50.8%
???
49.8%
???
48.4%
???
46.1%
???
45.8%
???
44.8%
???
43.9%
???
41.5%

You're not logged in!

Compare scores with friends on all Sporcle quizzes.
OR
Log In

From the Vault

Enclave Countries

by Lydiark

Let's give these enclaves an encore.
Remove Ads.
Support Sporcle.
Get the best of Sporcle when you Go Orange. This ad-free experience offers more features, more stats, and more fun while also helping to support Sporcle. Thank you for becoming a member.

Show Comments

Extras

Top Quizzes Today


Score Distribution

Your Account Isn't Verified!

In order to create a playlist on Sporcle, you need to verify the email address you used during registration. Go to your Sporcle Settings to finish the process.

Report this User

Report this user for behavior that violates our Community Guidelines.

Details: